[Event "DMP-III LIGA Senior PK 2020"]
[Site "Bystre"]
[Date "2020.07.11"]
[Round "7.17"]
[White "Wozniak, Grzegorz"]
[Black "Materniak, Marek"]
[Result "1/2-1/2"]
[WhiteElo "1608"]
[BlackElo "1794"]
[Annotator "NA RC"]
[PlyCount "71"]
[EventDate "2020.07.05"]
[EventType "team-tourn"]
[EventCountry "POL"]
[SourceTitle "playchess.com"]
[Source "ChessBase"]
[SourceQuality "1"]
[TimeControl "5400+30"]

1. e4 {[%emt 0:00:00]} c5 {[%emt 0:00:00]} 2. Nc3 {[%emt 0:00:00]} e6 {[%emt 0:00:00]} 3. d4 {[%emt 0:00:50]} cxd4 {[%emt 0:00:00]} 4. Qxd4 {[%emt 0:00:05]} a6 {[%emt 0:00:25]} 5. b3 {[%emt 0:00:17]} Qc7 {[%emt 0:00:16]} 6. Bb2 {[%emt 0:00:19]} Nf6 {[%emt 0:01:49]} 7. f3 {[%emt 0:01:02]} Nc6 {[%emt 0:03:43]} 8. Qd2 {[%emt 0:00:09]} Bb4 {[%emt 0:02:23]} 9. O-O-O {[%emt 0:00:35]} Qa5 {[%emt 0:06:46]} 10. Kb1 {[%emt 0:04:55]} O-O {[%emt 0:05:56]} 11. Nge2 {[%emt 0:05:03]} d5 {[%emt 0:04:29]} 12. Qg5 Qd8 {[%emt 0:02:41]} 13. exd5 {[%emt 0:13:15]} Nxd5 {[%emt 0:01:06]} 14. Qxd8 {[%emt 0:01:55]} Rxd8 {[%emt 0:00:25]} 15. Nxd5 {[%emt 0:00:16]} Rxd5 {[%emt 0:02:15]} 16. Rxd5 {[%emt 0:00:35]} exd5 {[%emt 0:00:15]} 17. Nd4 {[%emt 0:01:41]} Bc5 {[%emt 0:01:16]} 18. Nxc6 {[%emt 0:00:37]} bxc6 {[%emt 0:00:09]} 19. Bd3 {[%emt 0:00:20]} Bd7 {[%emt 0:02:52]} 20. Re1 {[%emt 0:00:21]} a5 {[%emt 0:00:50]} 21. a3 {[%emt 0:07:02]} h6 {[%emt 0:01:30]} 22. c3 {[%emt 0:05:54]} Bd6 {[%emt 0:02:05]} 23. h3 {[%emt 0:01:56]} Rb8 {[%emt 0:01:07]} 24. b4 {[%emt 0:04:58]} c5 {[%emt 0:01:13]} 25. bxc5 {[%emt 0:01:13]} Bxc5 {[%emt 0:00:31]} 26. Ka1 {[%emt 0:00:53]} Be6 {[%emt 0:01:25]} 27. Re2 {[%emt 0:05:38]} Rb6 {[%emt 0:02:48]} 28. Ka2 {[%emt 0:08:52]} Kf8 {[%emt 0:02:12]} 29. Bc1 {[%emt 0:03:20]} Ke7 {[%emt 0:04:10]} 30. Rb2 {[%emt 0:06:44]} d4+ {[%emt 0:10:45]} 31. c4 {[%emt 0:00:15]} Kd7 {[%emt 0:01:53]} 32. Rxb6 {[%emt 0:01:41]} Bxb6 {[%emt 0:00:15]} 33. Kb3 {[%emt 0:00:34]} Kc6 {[%emt 0:00:28]} 34. Bd2 {[%emt 0:04:36]} Kc5 {[%emt 0:00:54]} 35. a4 {[%emt 0:00:33]} Bc7 36. Bc1 1/2-1/2

[Event "DMP-III LIGA Senior PK 2020"]
[Site "Bystre"]
[Date "2020.07.11"]
[Round "7.18"]
[White "Tarsa, Joanna"]
[Black "Polak, Sylwia"]
[Result "0-1"]
[WhiteElo "1574"]
[BlackElo "1614"]
[Annotator "NA RC"]
[PlyCount "128"]
[EventDate "2020.07.05"]
[EventType "team-tourn"]
[EventCountry "POL"]
[SourceTitle "playchess.com"]
[Source "ChessBase"]
[SourceQuality "1"]
[TimeControl "5400+30"]

1. e4 {[%emt 0:00:00]} c5 {[%emt 0:00:00]} 2. Nf3 {[%emt 0:00:00]} e6 {[%emt 0:00:00]} 3. d4 {[%emt 0:00:00]} cxd4 {[%emt 0:00:00]} 4. Nxd4 {[%emt 0:00:00]} a6 {[%emt 0:00:00]} 5. a3 {[%emt 0:01:26]} Qc7 {[%emt 0:00:05]} 6. Nc3 {[%emt 0:00:19]} Nf6 {[%emt 0:00:18]} 7. Be2 {[%emt 0:00:32]} b5 {[%emt 0:03:20]} 8. Bg5 {[%emt 0:06:22]} Be7 {[%emt 0:01:17]} 9. Bf3 {[%emt 0:07:33]} Bb7 {[%emt 0:00:49]} 10. Be3 {[%emt 0:01:12]} d6 {[%emt 0:01:06]} 11. O-O {[%emt 0:01:33]} O-O {[%emt 0:01:22]} 12. Qd2 {[%emt 0:08:15]} Nbd7 {[%emt 0:00:41]} 13. Nb3 {[%emt 0:08:37]} Ne5 {[%emt 0:02:23]} 14. Qe2 {[%emt 0:05:50]} Nc4 {[%emt 0:01:07]} 15. Rab1 {[%emt 0:00:54]} Nxa3 {[%emt 0:01:16]} 16. Ra1 {[%emt 0:00:16]} Nc4 {[%emt 0:00:36]} 17. Rab1 {[%emt 0:02:01]} Nxb2 {[%emt 0:06:43]} 18. Nxb5 {[%emt 0:03:24]} axb5 {[%emt 0:00:09]} 19. Rxb2 {[%emt 0:00:06]} Nxe4 {[%emt 0:02:55]} 20. Bxe4 {[%emt 0:00:21]} Bxe4 {[%emt 0:00:08]} 21. Qxb5 {[%emt 0:00:45]} Bf6 {[%emt 0:02:31]} 22. Rbb1 {[%emt 0:02:50]} Qxc2 {[%emt 0:04:19]} 23. Rbc1 {[%emt 0:04:34]} Qb2 {[%emt 0:08:44]} 24. Qb4 {[%emt 0:08:54]} Bd5 {[%emt 0:03:45]} 25. Rb1 {[%emt 0:00:35]} Qa3 {[%emt 0:03:04]} 26. Qxa3 {[%emt 0:01:27]} Rxa3 {[%emt 0:00:13]} 27. Nd4 {[%emt 0:00:17]} Bc4 {[%emt 0:01:40]} 28. Rfd1 {[%emt 0:01:39]} d5 {[%emt 0:00:15]} 29. Nc2 {[%emt 0:03:53]} Rb3 {[%emt 0:01:16]} 30. Rbc1 {[%emt 0:00:45]} Rfb8 {[%emt 0:02:17]} 31. Nd4 {[%emt 0:03:25]} Rd3 {[%emt 0:01:35]} 32. Rxd3 {[%emt 0:00:19]} Bxd3 {[%emt 0:00:06]} 33. Rd1 {[%emt 0:01:11]} Rb1 {[%emt 0:00:25]} 34. Rxb1 {[%emt 0:00:06]} Bxb1 {[%emt 0:00:06]} 35. Kf1 {[%emt 0:00:40]} e5 {[%emt 0:00:43]} 36. Nf3 {[%emt 0:01:37]} d4 {[%emt 0:01:39]} 37. Bc1 {[%emt 0:01:20]} e4 {[%emt 0:00:37]} 38. Nd2 {[%emt 0:01:49]} Bd3+ {[%emt 0:00:09]} 39. Ke1 {[%emt 0:00:13]} Be5 {[%emt 0:00:22]} 40. g3 {[%emt 0:00:32]} f5 {[%emt 0:00:13]} 41. Nb3 {[%emt 0:01:29]} Bc2 {[%emt 0:01:02]} 42. Nc5 {[%emt 0:01:04]} Kf7 {[%emt 0:01:52]} 43. Kd2 {[%emt 0:01:27]} Bb1 {[%emt 0:01:24]} 44. Kd1 {[%emt 0:01:42]} Ke7 {[%emt 0:01:31]} 45. Ba3 {[%emt 0:02:17]} Bd6 {[%emt 0:00:58]} 46. Kc1 {[%emt 0:00:24]} Ba2 {[%emt 0:00:17]} 47. Kd2 {[%emt 0:00:30]} g5 {[%emt 0:00:15]} 48. Bb4 {[%emt 0:00:36]} Bd5 {[%emt 0:03:03]} 49. Na6 {[%emt 0:00:22]} Bxb4+ {[%emt 0:00:52]} 50. Nxb4 {[%emt 0:00:06]} Kd6 {[%emt 0:00:28]} 51. Nc2 {[%emt 0:00:28]} Kc5 {[%emt 0:00:52]} 52. Ne1 {[%emt 0:01:32]} Kc4 {[%emt 0:00:46]} 53. Nc2 {[%emt 0:00:17]} f4 {[%emt 0:00:59]} 54. Na3+ {[%emt 0:00:14]} Kc5 {[%emt 0:01:27]} 55. Nc2 {[%emt 0:00:06]} Bb3 {[%emt 0:00:42]} 56. Ne1 {[%emt 0:01:55]} Kc4 {[%emt 0:00:33]} 57. Ng2 {[%emt 0:01:59]} e3+ {[%emt 0:01:39]} 58. fxe3 {[%emt 0:00:05]} fxe3+ {[%emt 0:00:06]} 59. Nxe3+ {[%emt 0:00:06]} dxe3+ {[%emt 0:00:07]} 60. Kxe3 {[%emt 0:00:02]} Kd5 {[%emt 0:03:24]} 61. Kf3 {[%emt 0:01:13]} Bd1+ {[%emt 0:01:10]} 62. Ke3 {[%emt 0:00:15]} Ke5 {[%emt 0:00:19]} 63. Kd3 {[%emt 0:01:05]} Kf5 64. h3 Bg4 {[%emt 0:03:43]} 0-1

[Event "DMP-III LIGA Senior PK 2020"]
[Site "Bystre"]
[Date "2020.07.11"]
[Round "7.19"]
[White "Kopacz, Lukasz"]
[Black "Lorenc, Marian"]
[Result "1/2-1/2"]
[WhiteElo "1913"]
[BlackElo "2124"]
[Annotator "TA"]
[PlyCount "95"]
[EventDate "2020.07.05"]
[EventType "team-tourn"]
[EventCountry "POL"]
[SourceTitle "playchess.com"]
[Source "ChessBase"]
[SourceQuality "1"]

{[%evp 19,95,0,20,-7,39,41,49,42,79,66,47,46,52,11,16,4,16,0,0,0,0,0,0,-9,-4,-6,-9,-26,-22,-35,-35,-37,-25,-21,-32,-30,0,0,0,-3,0,0,0,0,0,0,0,0,0,0,0,0,0,0,0,0,0,0,0,0,0,0,0,0,0,0,0,0,0,0,0,-34,-34,-111,0,0,0,0]} 1. c4 e5 2. g3 Nf6 3. Bg2 Nc6 4. d3 d5 5. cxd5 Nxd5 6. Nf3 Be7 7. O-O Be6 8. Nc3 Nb6 9. Be3 O-O 10. a3 f6 {10...Nd5 is a critical line.} 11. Ne4 {A29: English Opening: Four Knights Variation with 4 g3.} Nd4 12. Bxd4 exd4 {[#]} 13. Qc2 $146 {White is slightly better.} ({Predecessor:} 13. Rc1 a5 14. Nc5 Bxc5 15. Rxc5 c6 16. Qd2 Nd7 17. Rc2 Qb6 18. b4 Bd5 19. bxa5 Rxa5 20. Rb2 Qa6 21. Rfb1 Bxf3 22. Bxf3 {½-½ (31) Korba,R (2169)-Souleidis,G (2398) Hamburg 2013}) 13... Qd7 14. Nc5 (14. b4 {seems wilder.} Bd5 15. Rfc1 f5 16. Nc5 Qd6 17. Nd2) 14... Bxc5 $1 15. Qxc5 Rad8 16. Rac1 c6 17. Rfe1 Rfe8 18. Qa5 Nc8 19. Nd2 Qf7 20. Ne4 Bd5 21. Qd2 Nd6 {[%cal Rd6e4]} 22. Nxd6 Rxd6 23. Bxd5 Rxd5 24. e4 dxe3 $1 25. Rxe3 Rxe3 26. Qxe3 $15 {[%mdl 4096] Endgame KQR-KQR} a6 27. Re1 Qd7 28. Qe8+ Qxe8 29. Rxe8+ $11 {KR-KR} Kf7 30. Rb8 Rb5 ({Much worse is} 30... Rxd3 $6 31. Rxb7+ Kf8 32. Rb6 $16) 31. b4 h5 32. h4 Ke6 33. Kf1 g5 34. hxg5 fxg5 35. Rh8 g4 36. Ke2 Re5+ 37. Kd2 Rf5 38. Ke2 a5 39. Rh7 b6 40. Rb7 Rb5 41. bxa5 bxa5 42. Ra7 Kd6 43. Rh7 Re5+ 44. Kd2 Kc5 45. Kc3 {[#] Hoping for d4+.} Rf5 46. Kd2 (46. Rh8 $15) 46... Re5 ({Black should play} 46... Rxf2+ $17 47. Kc3 Rh2) 47. Rf7 Kb5 48. Rf4 {Accuracy: White = 87%, Black = 86%.} 1/2-1/2

[Event "DMP-III LIGA Senior PK 2020"]
[Site "Bystre"]
[Date "2020.07.11"]
[Round "7.20"]
[White "Marciniak, Leonard"]
[Black "Baniak, Lukasz"]
[Result "1/2-1/2"]
[WhiteElo "1672"]
[BlackElo "1939"]
[Annotator "TA"]
[PlyCount "106"]
[EventDate "2020.07.05"]
[EventType "team-tourn"]
[EventCountry "POL"]
[SourceTitle "playchess.com"]
[Source "ChessBase"]
[SourceQuality "1"]

{[%evp 20,106,58,54,57,27,33,36,36,30,27,2,36,18,17,16,23,0,0,0,0,0,0,0,0,0,12,0,0,0,0,-154,0,0,50,54,69,62,74,0,0,0,0,-64,-64,-56,-37,-41,-55,-116,-115,-145,-145,-145,-145,-145,-145,-145,-145,-145,-145,-145,-145,-152,-145,-152,-145,-152,-145,-145,-137,-145,-144,-145,-145,-145,-145,-145,-145,-145,-145,-145,-145,-145,-145,-145,-152,-145,-145]} 1. e4 c5 2. Nf3 g6 3. d4 cxd4 4. Nxd4 Nc6 5. c4 d6 6. Be3 Nf6 7. f3 Bg7 8. Qd2 O-O 9. Nc3 Nxd4 10. Bxd4 Bd7 11. Be2 Qa5 {Recently 11...a5 got a lot of attention. B38: Sicilian: Maroczy Bind with 5...Bg7 and 7...0-0.} 12. O-O-O Rfc8 13. Kb1 Be6 {White is slightly better.} 14. b3 a6 {[#]} 15. Qb2 $146 ({Predecessor:} 15. Nd5) 15... Rab8 16. Nd5 Bxd5 17. cxd5 Rc7 18. b4 Qa4 19. Rc1 Rbc8 20. Rxc7 Rxc7 21. Rc1 Rxc1+ 22. Kxc1 Qd7 23. b5 axb5 24. Bxb5 Qc7+ 25. Kd2 $2 {[#]} (25. Kd1 $11) 25... Qa5+ $2 (25... Nxe4+ $1 $17 {[%mdl 512]} 26. fxe4 Bxd4 27. Qxd4 Qa5+ {[%mdl 64] Double Attack} 28. Ke3 Qxb5) 26. Ke2 Bh6 27. a4 Bf4 28. g3 Bh6 29. g4 (29. Qc3 $16 Qd8 30. a5) 29... Bf4 $11 30. h3 h5 31. Bxf6 (31. Qc3 $11 Qd8 32. Qb4) 31... exf6 $15 32. gxh5 Qb6 {Strongly threatening ...Qe3+.} 33. Qc3 gxh5 34. Bd7 {Black keeps a firm grip on the game.} (34. Kf1 $15) 34... Qg1 $17 35. Bf5 Kg7 {Black is clearly better.} 36. Bd7 Qg2+ 37. Kd1 Qf1+ 38. Kc2 Qe2+ 39. Kb3 Be5 40. Qc2 Qxf3+ 41. Ka2 Qf1 42. Kb3 Qg1 43. Ka2 Qa1+ 44. Kb3 Kh7 45. Bf5+ Kg8 46. Qg2+ Kf8 47. Qc2 Bd4 48. Qc8+ Kg7 {( -> ...Qb2+)} 49. Qc2 Bc5 50. Qb2 Qf1 51. Qc2 Kf8 52. Ka2 Qf3 53. Qb3 Qe2+ {Accuracy: White = 78%, Black = 91%.} 1/2-1/2

[Event "DMP-III LIGA Senior PK 2020"]
[Site "Bystre"]
[Date "2020.07.11"]
[Round "7.21"]
[White "Biesiadecki, Adam"]
[Black "Klok, Kacper"]
[Result "1/2-1/2"]
[WhiteElo "1539"]
[BlackElo "1463"]
[Annotator "NA RC"]
[PlyCount "52"]
[EventDate "2020.07.05"]
[EventType "team-tourn"]
[EventCountry "POL"]
[SourceTitle "playchess.com"]
[Source "ChessBase"]
[SourceQuality "1"]
[TimeControl "5400+30"]

1. d4 {[%emt 0:00:00]} Nf6 {[%emt 0:00:07]} 2. Nf3 {[%emt 0:00:00]} e6 {[%emt 0:02:02]} 3. c4 {[%emt 0:00:00]} d5 {[%emt 0:02:13]} 4. g3 {[%emt 0:00:11]} Be7 {[%emt 0:04:11]} 5. Bg2 {[%emt 0:03:03]} O-O {[%emt 0:05:32]} 6. O-O {[%emt 0:01:49]} c6 {[%emt 0:00:23]} 7. Qc2 {[%emt 0:00:25]} dxc4 {[%emt 0:03:03]} 8. Qxc4 {[%emt 0:00:12]} Qd5 {[%emt 0:00:06]} 9. Qxd5 {[%emt 0:00:20]} exd5 {[%emt 0:00:10]} 10. Bg5 {[%emt 0:00:09]} Bf5 {[%emt 0:00:38]} 11. Nc3 {[%emt 0:00:14]} h6 {[%emt 0:00:20]} 12. Bxf6 {[%emt 0:00:10]} Bxf6 {[%emt 0:00:17]} 13. e3 {[%emt 0:00:11]} Nd7 {[%emt 0:00:38]} 14. Rac1 {[%emt 0:00:41]} Rac8 {[%emt 0:08:42]} 15. Rfd1 {[%emt 0:00:20]} Rfe8 {[%emt 0:00:33]} 16. a4 {[%emt 0:01:16]} Bg4 {[%emt 0:16:38]} 17. h3 {[%emt 0:02:05]} Bf5 {[%emt 0:07:05]} 18. g4 {[%emt 0:00:43]} Bh7 {[%emt 0:00:27]} 19. Ne2 {[%emt 0:00:53]} Be4 {[%emt 0:00:34]} 20. Ng3 {[%emt 0:00:15]} Bh7 {[%emt 0:00:19]} 21. Bf1 {[%emt 0:00:53]} a6 {[%emt 0:02:21]} 22. Bd3 {[%emt 0:01:03]} Bxd3 {[%emt 0:05:21]} 23. Rxd3 {[%emt 0:00:56]} Nb6 {[%emt 0:01:18]} 24. b3 {[%emt 0:00:14]} g6 {[%emt 0:02:15]} 25. a5 Kg7 26. Re1 Nd7 1/2-1/2

[Event "DMP-III LIGA Senior PK 2020"]
[Site "Bystre"]
[Date "2020.07.11"]
[Round "7.24"]
[White "Uliasz, Katarzyna"]
[Black "Krzyzanowska-Zadlo, Lidia"]
[Result "1/2-1/2"]
[WhiteElo "1386"]
[BlackElo "1801"]
[Annotator "NA RC"]
[PlyCount "63"]
[EventDate "2020.07.05"]
[EventType "team-tourn"]
[EventCountry "POL"]
[SourceTitle "playchess.com"]
[Source "ChessBase"]
[SourceQuality "1"]
[TimeControl "5400+30"]

1. e4 {[%emt 0:00:00]} c5 {[%emt 0:00:00]} 2. Nc3 {[%emt 0:00:05]} Nc6 {[%emt 0:02:16]} 3. Bc4 {[%emt 0:02:04]} e6 {[%emt 0:02:55]} 4. Nf3 {[%emt 0:00:29]} a6 {[%emt 0:00:45]} 5. d3 {[%emt 0:02:45]} b5 {[%emt 0:03:47]} 6. Bb3 {[%emt 0:00:42]} d6 {[%emt 0:07:29]} 7. O-O {[%emt 0:01:48]} Be7 {[%emt 0:00:35]} 8. Ne2 {[%emt 0:00:29]} Nf6 {[%emt 0:00:46]} 9. c3 {[%emt 0:00:18]} Ne5 {[%emt 0:09:07]} 10. Ng3 {[%emt 0:04:47]} Bb7 {[%emt 0:03:55]} 11. Re1 {[%emt 0:04:10]} O-O {[%emt 0:07:12]} 12. d4 {[%emt 0:01:26]} Nxf3+ {[%emt 0:05:57]} 13. Qxf3 {[%emt 0:00:07]} c4 {[%emt 0:00:40]} 14. Bc2 {[%emt 0:00:48]} Qc7 {[%emt 0:00:51]} 15. Bd2 {[%emt 0:02:58]} Rad8 {[%emt 0:02:33]} 16. h3 {[%emt 0:00:41]} Ne8 {[%emt 0:04:44]} 17. Qe2 {[%emt 0:00:32]} e5 {[%emt 0:04:50]} 18. Nf5 {[%emt 0:08:58]} Bc8 {[%emt 0:03:10]} 19. Nxe7+ {[%emt 0:09:02]} Qxe7 {[%emt 0:00:08]} 20. a4 {[%emt 0:01:50]} Bd7 {[%emt 0:01:45]} 21. axb5 {[%emt 0:00:32]} axb5 {[%emt 0:00:04]} 22. Ra7 {[%emt 0:06:15]} Nf6 {[%emt 0:00:32]} 23. b3 {[%emt 0:03:17]} cxb3 {[%emt 0:02:18]} 24. Bxb3 {[%emt 0:00:04]} Ra8 {[%emt 0:02:03]} 25. Rea1 {[%emt 0:00:42]} Rxa7 {[%emt 0:00:13]} 26. Rxa7 {[%emt 0:00:01]} exd4 {[%emt 0:00:11]} 27. Bg5 {[%emt 0:10:50]} Qxe4 {[%emt 0:07:20]} 28. Qxe4 {[%emt 0:00:13]} Nxe4 {[%emt 0:00:06]} 29. Be7 {[%emt 0:02:45]} Re8 {[%emt 0:00:53]} 30. Rxd7 {[%emt 0:07:28]} Nc5 {[%emt 0:00:29]} 31. Rxd6 {[%emt 0:00:39]} Nxb3 {[%emt 0:00:20]} 32. cxd4 {[%emt 0:00:13]} 1/2-1/2

[Event "DMP-III LIGA Senior PK 2020"]
[Site "Bystre"]
[Date "2020.07.11"]
[Round "7.25"]
[White "Lach, Dariusz"]
[Black "Lopuszanski, Kamil"]
[Result "0-1"]
[WhiteElo "1748"]
[BlackElo "1995"]
[Annotator "TA"]
[PlyCount "80"]
[EventDate "2020.07.05"]
[EventType "team-tourn"]
[EventCountry "POL"]
[SourceTitle "playchess.com"]
[Source "ChessBase"]
[SourceQuality "1"]

{[%evp 9,80,0,9,0,6,6,7,10,21,-1,2,-8,13,11,51,47,60,2,8,-2,8,5,7,-35,-23,-35,-26,-29,-14,-75,-79,-93,-82,-123,-122,-125,-127,-144,-135,-144,-144,-185,-179,-197,-188,-515,-172,-289,-289,-289,-192,-228,-238,-233,-165,-287,-216,-276,-268,-372,-342,-868,-319,-275,-314,-287,-298,-311,-297,-295,-300,-450,-501]} 1. d4 Nf6 2. Bf4 g6 3. c3 Bg7 4. Nf3 O-O 5. e3 b6 6. Be2 {A48: 1 d4 Nf6 2 Nf3 g6: Torre, London and Colle Systems.} d5 7. h3 Bb7 8. O-O {The position is equal.} Nbd7 9. Ne5 c5 10. Nd2 a6 {[#]} 11. Re1 $146 ({Predecessor:} 11. a4 Rc8 12. Re1 Re8 13. Bf3 e6 14. g4 c4 15. Nexc4 Bf8 16. Ne5 Nxe5 17. Bxe5 {1-0 (46) Lomakina,G (2005)-Vyaznikov,S (2216) Tambov 2019}) 11... Ne8 12. Nxd7 Qxd7 13. Nf3 (13. Qb3 $14) 13... Nd6 $11 14. Rc1 c4 15. Nd2 b5 16. a3 f6 17. Bg4 e6 18. Bg3 Rae8 19. Bxd6 (19. b3 $11 {remains equal.}) 19... Qxd6 $17 {Black continues to play with concentration.} 20. Bf3 e5 21. g3 e4 22. Bg2 Bc6 23. Nf1 Rf7 24. Ra1 f5 25. Nd2 g5 26. Nf1 f4 {aiming for ...f3.} 27. Rc1 $2 (27. f3 {is tougher.}) 27... Bd7 $2 (27... f3 28. g4 fxg2 29. Kxg2 Bd7) 28. exf4 (28. f3 $142) 28... gxf4 $19 29. f3 fxg3 30. fxe4 dxe4 31. Rc2 Ref8 32. Ree2 (32. Qh5 {was worth a try.}) 32... h5 33. Qe1 h4 34. Ne3 {[#]} Rf3 $1 {[%mdl 512]} 35. Ng4 $2 (35. a4) (35. Bxf3 exf3) 35... Bf5 $2 (35... Bxg4 36. hxg4 {[#]} h3 $1 {[%mdl 512]}) 36. Rxe4 Bxe4 37. Qxe4 R3f4 38. Qd5+ Qxd5 39. Bxd5+ Kh7 40. Bg2 (40. Re2 $142) 40... Re8 {Accuracy: White = 50%, Black = 63%.} 0-1

[Event "DMP-III LIGA Senior PK 2020"]
[Site "Bystre"]
[Date "2020.07.11"]
[Round "7.26"]
[White "Mazurkiewicz, Andrzej"]
[Black "Lach, Ireneusz"]
[Result "1-0"]
[WhiteElo "1608"]
[BlackElo "1897"]
[Annotator "NA RC"]
[PlyCount "82"]
[EventDate "2020.07.05"]
[EventType "team-tourn"]
[EventCountry "POL"]
[SourceTitle "playchess.com"]
[Source "ChessBase"]
[SourceQuality "1"]
[TimeControl "5400+30"]

1. d4 {[%emt 0:00:00]} Nf6 {[%emt 0:00:00]} 2. c4 {[%emt 0:00:00]} d6 {[%emt 0:00:00]} 3. Nc3 {[%emt 0:00:00]} Nbd7 {[%emt 0:00:02]} 4. e4 {[%emt 0:00:20]} g6 {[%emt 0:00:29]} 5. Be2 {[%emt 0:00:40]} Bg7 {[%emt 0:00:08]} 6. Bg5 {[%emt 0:01:20]} h6 {[%emt 0:00:14]} 7. Bh4 {[%emt 0:00:39] E73: King's Indian: Averbakh Variation without 6...c5.} (7. Be3 $14) 7... c5 {[%emt 0:00:40]} 8. d5 {[%emt 0:00:46] [#]} a6 $146 {[%emt 0:03:11]} ({Predecessor:} 8... g5 9. Bg3 h5 10. h3 Nf8 11. Nf3 Bh6 12. e5 dxe5 13. Nxe5 h4 14. Bh2 a6 {0-1 (71) Skomorokhin,R (2384)-Franck,B (2105) Lille 2014}) 9. f4 {[%emt 0:02:22]} Qa5 {[%emt 0:05:02]} 10. Qd2 $1 {[%emt 0:01:18]} O-O {[%emt 0:15:39]} ({Black should try} 10... b5 $1 $11 11. cxb5 axb5 12. Bxb5 Rb8 13. Bxf6 Bxf6) 11. Nf3 {[%emt 0:00:17]} Re8 {[%emt 0:11:08]} 12. O-O {[%emt 0:01:01]} Nh7 {[%emt 0:07:48]} 13. Be1 {[%emt 0:01:09]} Qc7 {[%emt 0:13:02]} 14. Rd1 {[%emt 0:05:04]} Ndf8 {[%emt 0:01:55]} 15. h3 {[%emt 0:01:59]} h5 {[%emt 0:01:54]} 16. Bg3 {[%emt 0:09:15]} Bd7 {[%emt 0:06:10]} 17. e5 {[%emt 0:04:52]} Rad8 {[%emt 0:02:51]} 18. Kh2 {[%emt 0:13:00]} Qc8 {[%emt 0:07:12]} 19. Bh4 {[%emt 0:03:19]} Bf5 {[%emt 0:03:06]} 20. Bd3 {[%emt 0:01:15]} Bxd3 {[%emt 0:07:09]} 21. Qxd3 {[%emt 0:00:11]} f6 {[%emt 0:04:20]} 22. e6 {[%emt 0:04:50]} f5 {[%emt 0:01:26]} 23. Rg1 {[%emt 0:11:43]} Nf6 {[%emt 0:00:32]} 24. Ng5 {[%emt 0:04:09]} Qa8 {[%emt 0:01:18]} 25. Nf7 {[%emt 0:02:23]} N8h7 {[%emt 0:03:11]} 26. Nxd8 {[%emt 0:02:09]} Qxd8 {[%emt 0:00:10]} 27. g4 {[%emt 0:04:59]} hxg4 {[%emt 0:01:18]} 28. hxg4 {[%emt 0:00:23]} Nxg4+ {[%emt 0:00:21]} 29. Rxg4 {[%emt 0:00:53]} fxg4 {[%emt 0:00:14]} 30. Qxg6 {[%emt 0:00:20]} Kh8 {[%emt 0:03:07]} 31. Qf7 {[%emt 0:07:29]} Bf6 {[%emt 0:00:51]} 32. Bxf6+ {[%emt 0:01:18]} exf6 {[%emt 0:00:13]} 33. Kg3 {[%emt 0:02:15]} Re7 {[%emt 0:00:38]} 34. Qh5 {[%emt 0:01:12]} Rg7 {[%emt 0:00:59]} 35. Rh1 {[%emt 0:00:30]} Qe7 {[%emt 0:00:37]} 36. f5 {[%emt 0:01:11]} Kg8 {[%emt 0:00:27]} 37. Ne4 {[%emt 0:00:33]} b6 {[%emt 0:00:32]} 38. Rh4 {[%emt 0:02:21]} Kf8 {[%emt 0:00:31]} 39. Rxg4 {[%emt 0:01:08]} Rxg4+ {[%emt 0:00:26]} 40. Kxg4 {[%emt 0:01:18]} Qc7 {[%emt 0:00:35] [#]} 41. Nxd6 {[%emt 0:01:28]} Qd8 {[%emt 0:01:04]} 1-0